[Event "OMA-chT"]
[Site "Muscat"]
[Date "2020.01.28"]
[Round "5.11"]
[White "Musallam Salim, Al Aamri"]
[Black "Al Hadidi, Khalid"]
[Result "1-0"]
[WhiteElo "1726"]
[BlackElo "1558"]
[PlyCount "75"]
[EventDate "2020.01.25"]
[EventType "team-swiss"]
[EventRounds "9"]
[EventCountry "OMN"]
[SourceTitle "CBM 194 Extra"]
[Source "ChessBase"]
[SourceDate "2020.03.31"]
[SourceVersion "1"]
[SourceVersionDate "2020.03.31"]
[SourceQuality "1"]

1. d4 d5 2. Bf4 Nf6 3. e3 Bf5 4. Bd3 Bxd3 5. Qxd3 e6 6. Nd2 Nbd7 7. Ngf3 Be7 8. 0-0 h6 9. c4 c6 10. Rac1 g5 11. Bg3 Nh7 12. e4 dxc4 13. Nxc4 h5 14. d5 Nb6 15. Qc3 Rg8 16. dxe6 fxe6 17. Rfd1 Qc8 18. Nd6+ Bxd6 19. Rxd6 h4 20. Be5 Nf8 21. Rcd1 Nbd7 22. Qb3 Ke7 23. Bc3 Qc7 24. e5 Kf7 25. Nd4 Rg6 26. Nf5 b6 27. Qc4 c5 28. Qe4 Rd8 29. Ne3 Re8 30. Ng4 Re7 31. h3 Nh7 32. Qd3 Nhf8 33. Qf3+ Kg7 34. Nf6 Rf7 35. Ne8+ Kg8 36. Qxf7+ Kxf7 37. Nxc7 g4 38. Rxd7+ 1-0